[Event "HUN-chT2 Szechenyi 0203"]
[Site "Hungary"]
[Date "2002.12.08"]
[Round "4"]
[White "Kosztolanczi, Gyula"]
[Black "Munkacsy, Istvan"]
[Result "1-0"]
[WhiteElo "2178"]
[BlackElo "2149"]
[PlyCount "61"]
[EventDate "2002.09.22"]
[EventType "team"]
[EventRounds "11"]
[EventCountry "HUN"]
[SourceTitle "EXT 2009"]
[Source "ChessBase"]
[SourceDate "2008.11.26"]
[SourceVersion "1"]
[SourceVersionDate "2008.11.26"]
[SourceQuality "1"]

1. e4 c6 2. d4 d5 3. Nc3 b5 4. a3 e6 5. Nf3 h6 6. Bd3 Nf6 7. 0-0 dxe4 8. Nxe4 Nbd7 9. Qe2 Bb7 10. Ng3 Be7 11. Ne5 Nxe5 12. dxe5 Nd5 13. Nh5 g6 14. Ng3 Qc7 15. b3 h5 16. c4 Nc3 17. Qe1 b4 18. axb4 Bxb4 19. Bd2 h4 20. Nh1 h3 21. Bxc3 hxg2 22. Kxg2 f5 23. Bxb4 c5+ 24. f3 0-0-0 25. Qe3 Rd4 26. Nf2 g5 27. Ra5 Qh7 28. Rxc5+ Kb8 29. Rh1 Rh4 30. Ra5 a6 31. Qb6 1-0